| 000 | 00645nam a2200241 a 4500 | ||
|---|---|---|---|
| 001 | nice12345678 | ||
| 003 | IN_TiNIC | ||
| 005 | 20260116014211.0 | ||
| 008 | 050802s2004 newa grp 000 0 eng | ||
| 020 |
_a8176487465 _c695 |
||
| 082 | 0 | 0 |
_a362.1969 _bMAH |
| 100 | _aMahmud, Jafar | ||
| 245 |
_aAIDS in the World _bGlobal Dimensions, Social Roots and Responses |
||
| 260 |
_aNew Delhi _bA.P.H.Publishing Corporation _c2004 |
||
| 300 | _a319p | ||
| 500 | _aincludes index and biblioraphy | ||
| 505 | 2 | _areferences, bibliography | |
| 650 | _aAids | ||
| 700 | 1 | _aMahmud, Jafar | |
| 902 | _bSRS | ||
| 942 | _cBK | ||
| 999 |
_c14295 _d14295 |
||